Pēhē ´i hāru ai te ´ono tupuna, haka hoki mai te hauha´a o Rapa Nui = Extractivismo Cultural, Recuperando la Herencia Heredada de Rapa Nui.

Salvato in:
Dettagli Bibliografici
Ente Autore: Centro Cultural Centro Ideas para el Progreso de Valparaíso (autor)
Natura: Libro
Pubblicazione: Valparaíso, Chile: Centro Cultural Centro Ideas para el Progreso de Valparaíso, 2021.
Soggetti:
Tags: Aggiungi Tag
Nessun Tag, puoi essere il primo ad aggiungerne!!

MARC

LEADER 00000nam a22000007a 4500
003 CL-VaPUC
005 20250430093603.0
008 221122t2021 ||||| |||| 00| 0 eng d
999 |c 439460  |d 439458 
040 |c Pontificia Universidad Católica de Valparaíso 
082 |2 22  |a 983.03 CEN 2021 
110 1 |a Centro Cultural Centro Ideas para el Progreso de Valparaíso  |e autor  |9 878662 
245 |a Pēhē ´i hāru ai te ´ono tupuna, haka hoki mai te hauha´a o Rapa Nui =  |b Extractivismo Cultural, Recuperando la Herencia Heredada de Rapa Nui. 
260 |a Valparaíso, Chile:  |b Centro Cultural Centro Ideas para el Progreso de Valparaíso,  |c 2021. 
300 |a 22 páginas; ilustraciones. 
500 |a c.1-c.3. Donación Centro Cultural Centro Ideas para el Progreso de Valparaíso. 
583 |c 20221122  |k Catalogador Asistente 
650 0 |9 265473  |a Historia de Chile  |x Período colonial  |z Rapa Nui, Chile  
651 0 |a Rapa Nui (Isla de Pascua)  |x Historia cultural  |z Chile   |9 496097 
942 |2 ddc  |c BK 
952 |0 0  |1 0  |2 ddc  |4 0  |6 983_030000000000000_CEN_2021  |7 0  |8 A  |9 587855  |a BIBCUR  |b BIBCUR  |c CULT  |d 2022-11-22  |e Donación  |i 5655745  |o 983.03 CEN 2021  |p 5655745  |r 2025-04-22  |t 1  |w 2022-11-22  |y BK  |k CAC 
952 |0 0  |1 0  |2 ddc  |4 0  |6 983_030000000000000_CEN_2021  |7 0  |8 A  |9 587856  |a BIBEDU  |b BIBEDU  |c GEN  |d 2022-11-22  |e Donación  |i 5655746  |l 4  |o 983.03 CEN 2021  |p 5655746  |r 2023-09-28  |s 2023-09-25  |t 2  |w 2022-11-22  |y BK  |k EDU 
952 |0 0  |1 0  |2 ddc  |4 0  |6 983_030000000000000_CEN_2021  |7 0  |8 A  |9 587857  |a BIBHIS  |b BIBHIS  |c GEN  |d 2022-11-22  |e Donación  |i 5655747  |l 1  |m 1  |o 983.03 CEN 2021  |p 5655747  |r 2025-01-20  |s 2023-11-16  |t 3  |w 2022-11-22  |y BK  |k HIS